| 000 | 01393cam a22002533a 4500 | ||
|---|---|---|---|
| 001 | 20216 | ||
| 003 | PGUSA | ||
| 005 | 20140828083428.0 | ||
| 008 | 061230s2006||||xxu|||||s|||||000 | eng d | ||
| 040 |
_aPGUSA _beng |
||
| 042 | _adc | ||
| 050 | 4 | _aR | |
| 100 | 1 |
_aWalsh, James J. _q(James Joseph), _d1865-1942 |
|
| 245 | 1 | 0 |
_aOld-Time Makers of Medicine : _bThe Story of The Students And Teachers of the Sciences Related to Medicine During the Middle Ages _h[electronic resource] / _cJames J. Walsh |
| 260 |
_bProject Gutenberg, _c2006 |
||
| 505 | 0 | _aGreat physicians in early Christian times -- Great Jewish physicians -- Maimonides -- Great Arabian physicians -- The medical school at Salerno -- Constantine Africanus -- Medieval women physicians -- Mondino and the medical school of Bologna -- Great surgeons of the medieval universities -- Guy de Chauliac -- Medieval dentistry: Giovanni of Arcoli -- Cusanus and the first suggestion of laboratory methods in medicine -- Basil Valentine, last of the alchemists, first of the chemists -- Appendices: St. Luke, the physician. Science at the medieval universities. Medieval popularization of science. | |
| 506 | _aPublic domain in the USA. | ||
| 516 | _aElectronic text | ||
| 653 | _aMedicine, Medieval | ||
| 653 | _aPhysicians | ||
| 830 | 0 |
_aProject Gutenberg _v20216 |
|
| 856 | 4 | 0 | _uhttp://www.gutenberg.org/ebooks/20216 |
| 942 | _cEB | ||
| 999 |
_c249471 _d249471 |
||